00705nam a2200205 450000500170000001000150001702000260003203500140005803700090007208200060008124500670008725000100015426000520016427000730021630000190028970000290030894200200033799900190035795201230037620241021115301.0 aENG-142190 c105.00a9789325963023 aEN-125722 bDBAD aS aThe Great Lottery Scandal and Other StoriescNilabho Chowdhury aFirst aUttar PradeshbMadhubun Educational Booksc2013 aE-28, Sector-8 bNoidae201301k0120-4078900minfo@madhubunbooks.com a88p.c23cm(pb) aNilabho Chowdhury973017 2ddccENhSmTHE c206508d206508 001040708FICaJPbJPd2024-10-21eDBADg105.00l0oS THEpEN-125722r2024-10-21 00:00:00t1v105.00w2024-10-21yEN